Identifying and solving problems

Bibliographic Details
Main Author: Kaufman, Roger
Format: Book
Published: San Diego, California : University Associates , 1982
Edition:3rd ed.
Subjects:

MARC

LEADER 00000cam a2200000 7i4500
001 0000001539
005 20030123.0
020 |a 0883900505 
040 |a INS 
090 0 0 |a HD58.7   |b K38 1982 
100 1 |a Kaufman, Roger 
245 1 0 |a Identifying and solving problems   |a a system approach   |c Roger Kaufman 
250 |a 3rd ed. 
260 |a San Diego, California :   |b University Associates ,   |c 1982 
300 |a xi, 163p. :   |b ill ;   |c 15 cm. 
650 0 0 |a Management   |x Programmed instructions 
650 0 0 |a Management   |x Study and teaching 
999 |a 0000001216   |b BOOK   |c Open Shelf   |e Default branch